| 000 | 00519nam a22001577a 4500 | ||
|---|---|---|---|
| 003 | macl | ||
| 005 | 20210303130051.0 | ||
| 008 | 210303b xxu||||| |||| 00| 0 eng d | ||
| 040 | _cmacl | ||
| 082 | _a355 | ||
| 100 |
_aशर्मा, डॉ .जयभगवान _980924 |
||
| 245 | _aहमारे परमवीर चक्र विजेता | ||
| 260 |
_aदिल्ली _bअनिल प्रकाशन _c2017 |
||
| 650 |
_aसैनिक विज्ञान _966695 |
||
| 942 |
_2ddc _cHIN |
||
| 999 |
_c64138 _d64138 |
||